La verdadera historia del hombre elefante

Kaydedildi:
Detaylı Bibliyografya
Yazar: Howell, Michael (autor)
Diğer Yazarlar: Ford, Peter (autor) (autor), Vázquez Nacarino, Eugenia (traducción) (traducción)
Materyal Türü: Kitap
Dil:İspanyolca
Seri Bilgileri:(Colección Noema)
Konular:
Etiketler: Etiketle
Etiket eklenmemiş, İlk siz ekleyin!

MARC

LEADER 00000nam^a2200000^u^4500
001 000511294
005 20250521000000.0
008 071018s1000^^^^^^^^^^^^r^^^^^000^0^spa^d
009 20260310130144.527
022 |a 9788475068534 
035 |a FCE 000055504 
037 |a Acervo ITESO - Biblioteca 
041 |a spa 
082 0 4 |a 823  |b HOWv 
100 |a Howell, Michael  |e (autor) 
245 1 3 |a La verdadera historia del hombre elefante 
264 |a México :  |b SEP : ,  |c 2008. 
300 |a 325 p. :  |b fots. 
336 |a texto  |b txt  |2 rdacontenido 
337 |a sin mediación  |b n  |2 rdamedio 
338 |a volumen  |b nc  |2 rdasoporte 
440 1 |a (Colección Noema) 
596 |a Traducción de: The true history of the Elephant Man. The definitive account of the tragic and extraordinary life of Joseph Carey Merrick. 
649 |a XX 
650 |a Biografía 
650 |a Literatura inglesa 
650 |a Historias de vida 
700 |a Ford, Peter  |e (autor) 
700 |a Vázquez Nacarino, Eugenia  |e (traducción) 
910 |a Fondo Centro de Estudios Educativos 
920 |a Impresos - Libros 
930 |a Fondos Especiales 
905 |a 133 
901 |a ALE032523  |b IT2  |c CEE  |u 20250521 
902 |a https://opac.biblio.iteso.mx/vufind/Record/000511294